[Event "Let's Play Chess"]
[Site "SchemingMind.com"]
[Date "2007.03.17"]
[Round "-"]
[White "bull mccabe"]
[Black "alejandroales"]
[Result "1-0"]
[WhiteCountry "IRL"]
[BlackCountry "ARG"]
[WhiteElo "1555"]
[WhiteRD "77"]
[BlackElo "1645"]
[BlackRD "82"]
[GameID "96690"]

1. e4 e6 2. d4 d5 3. Nd2 c5 4. exd5 exd5 5. Ngf3 Nc6 6. Bb5 Nf6 7. O-O Be7 8. dxc5 O-O 9. Nb3 a6 10. Bd3 Qc7
11. Bg5 Re8 12. Re1 Be6 13. Nbd4 Nxd4 14. Nxd4 Bxc5 15. Bxf6 gxf6 16. Nxe6 fxe6 17. Qg4+ Kf7 18. Bxh7 Rh8 19. Qg6+ Ke7 20. Qg7+ Kd6
21. Qxc7+ Kxc7 22. Bd3 Rag8 23. Rxe6 Bd4 24. c3 Be5 25. g3 Rh6 26. h4 Bxg3 27. fxg3 Rxg3+ 28. Kf2 Rxd3 29. Ke2 Rh3 30. Rg1 R3xh4
31. Rg7+ Kb8 32. Rb6 Rh7 33. Rxh7 Rxh7 34. Rxf6 Kc7 35. b3 Rh2+ 36. Rf2= Rxf2+ 37. Kxf2 Kd6 38. Ke3 Kc5 39. Kd3 b5 40. b4+ Kc6
41. Kd4 Kd6 42. a3 Ke6 43. Kc5= Ke5 44. Kb6 Ke4 45. Kxa6 Kd3 46. Kxb5 Kxc3 47. a4 d4 48. a5 d3 49. a6 d2 50. a7 d1=Q
51. a8=Q Qd3+ 52. Ka5 Qf5+ 53. b5 Qf7 54. Qc6+ Kb3 55. b6 Qe7 56. b7 Qd8+ 57. Qb6+
1-0

[Event "Let's Play Chess"]
[Site "SchemingMind.com"]
[Date "2007.03.19"]
[Round "-"]
[White "bull mccabe"]
[Black "solmash"]
[Result "1-0"]
[WhiteCountry "IRL"]
[BlackCountry "PHI"]
[WhiteElo "1564"]
[WhiteRD "76"]
[BlackElo "1553"]
[BlackRD "71"]
[GameID "96691"]

1. e4 e5 2. Nf3 Nc6 3. Bb5 a6 4. Ba4 b5 5. Bb3 Bc5 6. c3 Nf6 7. O-O O-O 8. Re1 d6 9. h3 Bd7 10. d4 exd4
11. cxd4 Bb6 12. Nc3 Qc8 13. e5 Nh5 14. Bc2 Bxh3 15. Ng5 Bg4 16. f3 Nxd4 17. Bxh7+
1-0

[Event "Let's Play Chess"]
[Site "SchemingMind.com"]
[Date "2007.03.16"]
[Round "-"]
[White "bull mccabe"]
[Black "NinjaPawn"]
[Result "0-1"]
[WhiteCountry "IRL"]
[BlackCountry "ENG"]
[WhiteElo "1555"]
[WhiteRD "77"]
[BlackElo "1791"]
[BlackRD "104"]
[GameID "96692"]

1. e4 e5 2. Nf3 Nc6 3. Bb5 a6 4. Ba4 Nf6 5. O-O Nxe4 6. d4 Bd6 7. Re1 Nf6 8. dxe5 Nxe5 9. Nxe5 O-O 10. Bg5 Bc5
11. Nxd7 Bxd7 12. Bxd7 Qxd7 13. Bxf6 Qxd1 14. Rxd1 gxf6 15. Nc3 Kg7 16. Rd3 Rad8 17. Nd5 c6 18. Rg3+ Kh8 19. Ne3 Rd2 20. Rd1 Bxe3
0-1

[Event "Let's Play Chess"]
[Site "SchemingMind.com"]
[Date "2007.03.16"]
[Round "-"]
[White "bull mccabe"]
[Black "Lee Shuck"]
[Result "1-0"]
[WhiteCountry "IRL"]
[BlackCountry "ENG"]
[WhiteElo "1544"]
[WhiteRD "76"]
[BlackElo "1498"]
[BlackRD "64"]
[GameID "96693"]

1. e4 e5 2. Nf3 Nc6 3. Bb5 Nf6 4. O-O Bc5 5. c3 O-O 6. d4 Bb6 7. Bg5 h6 8. Bh4 d6 9. h3 Na5 10. Nbd2 c5
11. dxe5 dxe5 12. Nxe5 Bc7 13. Nef3 Bd7 14. Bxd7 Qxd7 15. Re1 Rfd8 16. Bxf6 gxf6 17. Qc2 Bf4 18. Rad1 f5 19. exf5 Rac8 20. Nc4 Qb5
21. Rxd8+ Rxd8 22. Nxa5 Qxa5 23. b3 Rd5 24. f6 b5 25. Re8#
1-0

[Event "Let's Play Chess"]
[Site "SchemingMind.com"]
[Date "2007.03.16"]
[Round "-"]
[White "bull mccabe"]
[Black "Glenn119"]
[Result "0-1"]
[WhiteCountry "IRL"]
[BlackCountry "USA"]
[WhiteElo "1567"]
[WhiteRD "87"]
[BlackElo "2142"]
[BlackRD "87"]
[GameID "96694"]

1. e4 c5 2. Nc3 d6 3. Nf3 Nf6 4. d4 cxd4 5. Nxd4 a6 6. Bg5 e6 7. f4 Qb6 8. Rb1 Nbd7 9. Nce2 Nxe4 10. Bh4 e5
11. Nf3 Be7 12. Bg3 Ndf6 13. Nd2 Nxg3 14. hxg3 Ng4 15. Nc4 Qf2+ 16. Kd2 Be6 17. b3 d5 18. Nb6 Qe3+ 19. Ke1 Bb4+
0-1

[Event "Let's Play Chess"]
[Site "SchemingMind.com"]
[Date "2007.03.16"]
[Round "-"]
[White "bull mccabe"]
[Black "megapixel"]
[Result "0-1"]
[WhiteCountry "IRL"]
[BlackCountry "ENG"]
[WhiteElo "1555"]
[WhiteRD "77"]
[BlackElo "1877"]
[BlackRD "93"]
[GameID "96695"]

1. e4 c5 2. Nc3 g6 3. Nf3 Bg7 4. d4 cxd4 5. Nxd4 Nc6 6. Be3 Nf6 7. Bc4 d6 8. f3 O-O 9. Qd2 Nxd4 10. Bxd4 Be6
11. Bb3 Rc8 12. O-O-O Bxb3 13. axb3 Qa5 14. Na4 Qa6 15. Qd3 Qc6 16. Bxa7 Nd7 17. f4 Rc7 18. Be3 Ra8 19. Kd2 b5 20. Nc3 Nc5
21. Qd5 Bxc3+ 22. Kxc3 Nxe4+ 23. Kd3 Qxc2+ 24. Kd4 Ra4+
0-1

[Event "Let's Play Chess"]
[Site "SchemingMind.com"]
[Date "2007.03.16"]
[Round "-"]
[White "bull mccabe"]
[Black "joab"]
[Result "1-0"]
[WhiteCountry "IRL"]
[BlackCountry "CAN"]
[WhiteElo "1567"]
[WhiteRD "87"]
[BlackElo "1357"]
[BlackRD "50"]
[GameID "96696"]

1. e4 c5 2. Nc3 a6 3. Nf3 Nc6 4. d4 cxd4 5. Nxd4 Qc7 6. Be3 d6 7. Bd3 Nf6 8. h3 e5 9. Nxc6 Qxc6 10. O-O Be7
11. Re1 O-O 12. Bg5 Be6 13. Qd2 Rac8 14. a3 Rfe8 15. Kh1 Qd7 16. a4 Bxh3 17. gxh3 Qxh3+ 18. Kg1 h6 19. Re3 Qh5 20. Bxf6 Bxf6
21. Be2 Qg5+ 22. Kf1 Qh4 23. Rg3 Bg5 24. Qd3 Re6 25. Rh3 Qf4 26. Nd5
1-0

[Event "Let's Play Chess"]
[Site "SchemingMind.com"]
[Date "2007.03.16"]
[Round "-"]
[White "InvernoMuto"]
[Black "bull mccabe"]
[Result "0-1"]
[WhiteCountry "ITA"]
[BlackCountry "IRL"]
[WhiteElo "1529"]
[WhiteRD "119"]
[BlackElo "1555"]
[BlackRD "77"]
[GameID "96697"]

1. e4 c5 2. Nf3 Nc6 3. Bc4 e6 4. d3 d5 5. Bb5 Bd7 6. exd5 exd5 7. O-O Be7 8. Nc3 Nf6 9. Qe2 O-O 10. Bxc6 Bxc6
11. Bg5 Re8 12. Qd2 h6 13. Bxf6 Bxf6 14. Rfe1 Rxe1+
0-1

[Event "Let's Play Chess"]
[Site "SchemingMind.com"]
[Date "2007.03.17"]
[Round "-"]
[White "alejandroales"]
[Black "bull mccabe"]
[Result "1/2-1/2"]
[WhiteCountry "ARG"]
[BlackCountry "IRL"]
[WhiteElo "1724"]
[WhiteRD "80"]
[BlackElo "1567"]
[BlackRD "87"]
[GameID "96698"]

1. e4 c5 2. Nf3 Nc6 3. d4 cxd4 4. Nxd4 Nf6 5. Nc3 d6 6. Bc4 e6 7. O-O Be7 8. f4 a6 9. Be3 O-O 10. Qe2 Nxd4
11. Bxd4 b5 12. Bb3 Bb7 13. a3 Rc8 14. Rad1 Qd7 15. e5 dxe5 16. Bxe5 Qc6 17. Rf3 Qb6+ 18. Bd4 Bc5 19. Rfd3 Rfd8 20. Bxc5 Qxc5+
21. Kh1 Rxd3 22. Qxd3 h6 23. Qd6 Qf2 24. Rg1 Bxg2+ 25. Rxg2 Qf1+ 26. Rg1 Qf3+=
1/2-1/2

[Event "Let's Play Chess"]
[Site "SchemingMind.com"]
[Date "2007.03.19"]
[Round "-"]
[White "solmash"]
[Black "bull mccabe"]
[Result "0-1"]
[WhiteCountry "PHI"]
[BlackCountry "IRL"]
[WhiteElo "1553"]
[WhiteRD "71"]
[BlackElo "1564"]
[BlackRD "76"]
[GameID "96699"]

1. e4 c5 2. Nf3 Nc6 3. Bc4 e6 4. Nc3 a6 5. O-O b5 6. Be2 Nf6 7. d3 Be7 8. h3 Bb7 9. Bd2 d5 10. e5 Nd7
11. Bf4 c4 12. dxc4 dxc4 13. Re1 h6 14. Qc1 O-O 15. Bxh6 gxh6 16. Qxh6 Ncxe5
0-1

[Event "Let's Play Chess"]
[Site "SchemingMind.com"]
[Date "2007.03.16"]
[Round "-"]
[White "NinjaPawn"]
[Black "bull mccabe"]
[Result "1-0"]
[WhiteCountry "ENG"]
[BlackCountry "IRL"]
[WhiteElo "1838"]
[WhiteRD "90"]
[BlackElo "1564"]
[BlackRD "76"]
[GameID "96700"]

1. e4 c5 2. Nf3 Nc6 3. d4 cxd4 4. Nxd4 Nf6 5. Nc3 e5 6. Nf5 d5 7. Qf3 d4 8. Nb1 Bb4+ 9. c3 dxc3 10. bxc3 Bxf5
11. Qxf5 Bd6 12. Nd2 O-O 13. Nc4 Re8 14. Bd2 Bc5 15. Bg5 Qd7 16. Qxd7 Nxd7 17. Rd1 Nb6 18. Nd6 Bxd6 19. Rxd6 Re6 20. Rxe6 fxe6
21. Be2 Na4 22. Kd2 Rc8 23. Rb1 b6 24. Bb5 Nc5 25. f3 Kf7 26. Be2 Ne7 27. Be3 Ng6 28. g3 Ke7 29. Bg5+ Kd6 30. Kc2 h6
31. Rd1+ Kc6 32. Be3 Rc7 33. h4 Kb7 34. Rd8 Ne7 35. Bxc5 Rxc5 36. Re8 Rc7 37. Bc4
1-0

[Event "Let's Play Chess"]
[Site "SchemingMind.com"]
[Date "2007.03.16"]
[Round "-"]
[White "Lee Shuck"]
[Black "bull mccabe"]
[Result "1-0"]
[WhiteCountry "ENG"]
[BlackCountry "IRL"]
[WhiteElo "1478"]
[WhiteRD "64"]
[BlackElo "1399"]
[BlackRD "64"]
[GameID "96701"]

1. e4 c5 2. Nf3 Nc6 3. d4 cxd4 4. Nxd4 Nf6 5. Nc3 e5 6. Ndb5 d6 7. Bg5 a6 8. Na3 Be7 9. Be2 O-O 10. O-O Be6
11. Bc4 Nd4 12. Bxe6 Nxe6 13. Bxf6 Bxf6 14. Nc4 Rc8 15. Nxd6 Rb8 16. Nc4 Nc5 17. Qxd8 Rfxd8 18. Nd5 Nxe4 19. Rad1 Rbc8 20. b3 Nc3
21. Rd3 e4 22. Rd2 Rxd5 23. Rxd5 Nxa2 24. f3 exf3 25. Rxf3 Nb4 26. Rd2 Re8 27. Re3 Rxe3 28. Nxe3 Nc6 29. Rd7 b5 30. c4 Nd4
31. Nd5 Nxb3 32. Nxf6+ gxf6 33. cxb5 axb5 34. Rb7
1-0

[Event "Let's Play Chess"]
[Site "SchemingMind.com"]
[Date "2007.03.16"]
[Round "-"]
[White "Glenn119"]
[Black "bull mccabe"]
[Result "1-0"]
[WhiteCountry "USA"]
[BlackCountry "IRL"]
[WhiteElo "2142"]
[WhiteRD "87"]
[BlackElo "1567"]
[BlackRD "87"]
[GameID "96702"]

1. b4 e5 2. Bb2 d6 3. e3 Nf6 4. c4 Be7 5. Nc3 Be6 6. Nf3 Nbd7 7. Be2 O-O 8. Qc2 h6 9. d4 c6 10. O-O Qc7
11. Rfd1 exd4 12. Nxd4 Rfe8 13. a3 d5 14. cxd5 Nxd5 15. Nxe6 fxe6 16. Nxd5 Qc8 17. Qg6 Nf6 18. Bxf6
1-0

[Event "Let's Play Chess"]
[Site "SchemingMind.com"]
[Date "2007.03.16"]
[Round "-"]
[White "megapixel"]
[Black "bull mccabe"]
[Result "1-0"]
[WhiteCountry "ENG"]
[BlackCountry "IRL"]
[WhiteElo "1820"]
[WhiteRD "96"]
[BlackElo "1567"]
[BlackRD "87"]
[GameID "96703"]

1. e4 c5 2. Nc3 Nc6 3. f4 e6 4. Nf3 d5 5. Bb5 Ne7 6. exd5 Nxd5 7. Bxc6+ bxc6 8. d3 Be7 9. O-O Bf6 10. Ne5 Bxe5
11. fxe5 Nxc3 12. bxc3 O-O 13. Qg4 g6 14. Bg5 Qd5 15. Bf6 h5 16. Qg5 Kh7 17. Rf3
1-0

[Event "Let's Play Chess"]
[Site "SchemingMind.com"]
[Date "2007.03.16"]
[Round "-"]
[White "joab"]
[Black "bull mccabe"]
[Result "0-1"]
[WhiteCountry "CAN"]
[BlackCountry "IRL"]
[WhiteElo "1357"]
[WhiteRD "50"]
[BlackElo "1567"]
[BlackRD "87"]
[GameID "96704"]

1. e4 c5 2. Nf3 Nc6 3. d4 cxd4 4. Nxd4 Nf6 5. Nc3 e5 6. Nf5 d5 7. Nxd5 Nxd5 8. Qxd5 Qxd5 9. exd5 Nb4 10. Ne3 Bc5
11. Bb5+ Bd7 12. Bxd7+ Kxd7 13. O-O Bxe3 14. fxe3 Nxc2 15. Rb1 Nb4 16. e4 f6 17. a3 Nd3 18. b4 Rac8 19. Be3 b6 20. g3 Rc3
21. a4 Rhc8 22. Bd2 R3c7 23. Be3 Rc4 24. Bd2 Rxe4 25. Rf3 Rc2 26. Rxd3 Re2 27. Rd1 e4 28. Re3 Rcxd2 29. Rxd2 Rxe3 30. Kf2 Rd3
31. Rxd3 exd3 32. Ke3 d2 33. Kxd2 Kd6 34. Kd3 Kxd5 35. b5 h5 36. h4 g6 37. Kd2 Kc4
0-1

[Event "Let's Play Chess"]
[Site "SchemingMind.com"]
[Date "2007.03.16"]
[Round "-"]
[White "Archon"]
[Black "InvernoMuto"]
[Result "1-0"]
[WhiteCountry "CAN"]
[BlackCountry "ITA"]
[WhiteElo "1692"]
[WhiteRD "57"]
[BlackElo "1374"]
[BlackRD "89"]
[GameID "96709"]

1. e4 e5 2. Nf3 Nc6 3. d4 d6 4. Nc3 Bg4 5. Be3 Nf6 6. Be2 Be7 7. Qd2 exd4 8. Nxd4 Bxe2 9. Qxe2 O-O 10. O-O-O Nxd4
11. Bxd4 c5 12. Be3 Qd7 13. Bg5 Rae8 14. f3 Rc8 15. Bxf6 Bxf6 16. Nd5
1-0

[Event "Let's Play Chess"]
[Site "SchemingMind.com"]
[Date "2007.03.17"]
[Round "-"]
[White "Archon"]
[Black "alejandroales"]
[Result "1-0"]
[WhiteCountry "CAN"]
[BlackCountry "ARG"]
[WhiteElo "1641"]
[WhiteRD "59"]
[BlackElo "1724"]
[BlackRD "80"]
[GameID "96710"]

1. e4 c5 2. Nc3 Nc6 3. f4 e6 4. Nf3 d5 5. Bb5 Nf6 6. e5 Nd7 7. Bxc6 bxc6 8. d3 Be7 9. O-O Rb8 10. b3 Qa5
11. Na4 O-O 12. Ba3 Re8 13. Qe1 Qxe1 14. Raxe1 Ba6 15. Rf2 c4 16. Bxe7 Rxe7 17. Nb2 cxb3 18. axb3 Nc5 19. Ra1 Bc8 20. Nd4 Rc7
21. Rff1 Rb4 22. c3 Rxd4 23. cxd4 Nxb3 24. Ra4 Kf8 25. Rd1 Ke7 26. Rb4 Na5 27. Na4 f6 28. Nc5 g5 29. Ra1 Nb7 30. Rxa7
1-0

[Event "Let's Play Chess"]
[Site "SchemingMind.com"]
[Date "2007.03.16"]
[Round "-"]
[White "Archon"]
[Black "NinjaPawn"]
[Result "0-1"]
[WhiteCountry "CAN"]
[BlackCountry "ENG"]
[WhiteElo "1667"]
[WhiteRD "58"]
[BlackElo "1791"]
[BlackRD "104"]
[GameID "96712"]

1. e4 e5 2. Nf3 Nc6 3. d4 exd4 4. Bc4 Bc5 5. c3 Nh6 6. cxd4 Bb4+ 7. Bd2 Qe7 8. Qe2 Bxd2+ 9. Nbxd2 Nb4 10. O-O d5
11. Bb5+ c6 12. Ba4 O-O 13. Bb3 dxe4 14. Qxe4 Qxe4 15. Nxe4 Rd8 16. Neg5 Bf5 17. Rac1 a5 18. a3 Nd3 19. Nxf7 Nxf7 20. Ne5 Nxe5
21. dxe5 a4 22. Ba2 Kf8 23. Rfe1 Rd2 24. e6 Nd6 25. e7+ Ke8
0-1

[Event "Let's Play Chess"]
[Site "SchemingMind.com"]
[Date "2007.03.16"]
[Round "-"]
[White "Archon"]
[Black "Lee Shuck"]
[Result "1-0"]
[WhiteCountry "CAN"]
[BlackCountry "ENG"]
[WhiteElo "1706"]
[WhiteRD "57"]
[BlackElo "1498"]
[BlackRD "64"]
[GameID "96713"]

1. e4 e5 2. Nf3 Nc6 3. d4 exd4 4. Bc4 Nf6 5. e5 d5 6. Bb5 Ne4 7. Nxd4 Bc5 8. Be3 O-O 9. Nxc6 bxc6 10. Bxc5 Nxc5
11. Bxc6 Rb8 12. Qxd5 Qxd5 13. Bxd5 Rxb2 14. Bb3 Re8 15. Kd1 Rxe5 16. Kc1 Nxb3+ 17. axb3 Rxb1+ 18. Kxb1 Bf5 19. Rd1 Kf8 20. Rxa7 Ke7
21. Rxc7+ Kf6 22. Rd2 Re7 23. Rxe7 Kxe7 24. Kb2
1-0

[Event "Let's Play Chess"]
[Site "SchemingMind.com"]
[Date "2007.03.16"]
[Round "-"]
[White "Archon"]
[Black "bull mccabe"]
[Result "1/2-1/2"]
[WhiteCountry "CAN"]
[BlackCountry "IRL"]
[WhiteElo "1641"]
[WhiteRD "59"]
[BlackElo "1567"]
[BlackRD "87"]
[GameID "96714"]

1. e4 c5 2. Nc3 Nc6 3. f4 e6 4. Nf3 a6 5. g3 d5 6. e5 c4 7. d3 b5 8. dxc4 bxc4 9. Bg2 Bb4 10. Bd2 Nge7
11. O-O O-O 12. a3 Ba5 13. Ne2 Bxd2 14. Qxd2 Qa5 15. Qxa5 Nxa5 16. Ned4 Rb8 17. Rfb1 Bd7 18. Bf1 Nec6 19. Kf2 Nxd4 20. Nxd4 Nc6
21. Ke3 Rb6 22. b3 Nxd4 23. Kxd4 Rfb8 24. b4 a5 25. c3 Kf8 26. Be2 Ba4 27. Bd1 Bxd1 28. Rxd1 Rb5 29. a4 R5b7 30. bxa5 Ra7
31. Ra2 Rxa5 32. Ke3 Rba8 33. Rda1 Ke7=
1/2-1/2

[Event "Let's Play Chess"]
[Site "SchemingMind.com"]
[Date "2007.03.16"]
[Round "-"]
[White "Archon"]
[Black "Glenn119"]
[Result "0-1"]
[WhiteCountry "CAN"]
[BlackCountry "USA"]
[WhiteElo "1661"]
[WhiteRD "65"]
[BlackElo "2091"]
[BlackRD "101"]
[GameID "96715"]

1. e4 e6 2. d4 d5 3. Nc3 Bb4 4. e5 Ne7 5. Bd2 c5 6. Nb5 Bxd2+ 7. Qxd2 O-O 8. f4 a6 9. Nd6 cxd4 10. Nf3 Nbc6
11. Bd3 f6 12. O-O Bd7 13. Qe1 Nc8 14. Nxc8 Rxc8 15. a3 Qb6 16. b4 Qc7 17. Qh4 h6 18. Qh5 Be8 19. Bg6 f5 20. Nh4 Bf7
21. Rf3 Qb6 22. Kh1 Ne7 23. Rg3 Nxg6 24. Nxg6 Rxc2 25. Rd1 Qc7 26. Qh3 Rc8 27. Nh4 Rc1 28. Rd3 Qc2 29. Qf3 Bh5 30. Qxh5 Qxd3
0-1

[Event "Let's Play Chess"]
[Site "SchemingMind.com"]
[Date "2007.03.16"]
[Round "-"]
[White "Archon"]
[Black "megapixel"]
[Result "0-1"]
[WhiteCountry "CAN"]
[BlackCountry "ENG"]
[WhiteElo "1692"]
[WhiteRD "57"]
[BlackElo "1909"]
[BlackRD "90"]
[GameID "96716"]

1. e4 c5 2. Nc3 g6 3. f4 Bg7 4. Nf3 Nc6 5. Bb5 Nd4 6. O-O e6 7. d3 Ne7 8. Nxd4 cxd4 9. Ne2 a6 10. Ba4 O-O
11. Bd2 b5 12. Bb3 Bb7 13. Ng3 f5 14. Qe1 Kh8 15. c3 fxe4 16. dxe4 dxc3 17. Bxc3 Qb6+ 18. Kh1 Rac8= 19. Bxg7+ Kxg7 20. Rd1 Qc6
21. Qe2 d5= 22. exd5 Nxd5 23. Qe5+ Kg8 24. Rxd5 exd5 25. Rd1 Rcd8 26. f5 Qf6 27. Qc7 Rf7 28. Qc5 Kg7 29. fxg6 hxg6 30. Ne4 Qf1+
0-1

[Event "Let's Play Chess"]
[Site "SchemingMind.com"]
[Date "2007.03.16"]
[Round "-"]
[White "Archon"]
[Black "joab"]
[Result "1-0"]
[WhiteCountry "CAN"]
[BlackCountry "CAN"]
[WhiteElo "1661"]
[WhiteRD "65"]
[BlackElo "1389"]
[BlackRD "59"]
[GameID "96717"]

1. e4 c5 2. Nc3 Nc6 3. f4 d6 4. Nf3 g6 5. Bb5 Bg7 6. O-O Bg4 7. h3 Bh5 8. g4 Qd7 9. gxh5 Qxh3 10. Bxc6+ bxc6
11. Qe2 Nf6 12. d3 Ng4 13. Qg2
1-0

[Event "Let's Play Chess"]
[Site "SchemingMind.com"]
[Date "2007.03.16"]
[Round "-"]
[White "InvernoMuto"]
[Black "Archon"]
[Result "0-1"]
[WhiteCountry "ITA"]
[BlackCountry "CAN"]
[WhiteElo "1374"]
[WhiteRD "89"]
[BlackElo "1692"]
[BlackRD "57"]
[GameID "96718"]

1. e4 c5 2. c4 g6 3. Nf3 Bg7 4. Be2 Nc6 5. d3 Nf6 6. e5 Ng4 7. Be3 Qa5+ 8. Bd2 Qb6 9. O-O O-O 10. b3 Ngxe5
11. Nxe5 Nxe5 12. Bf4 Nf3+ 13. Bxf3 Bxa1 14. Qe1 Bf6 15. Nd2 Re8
0-1

[Event "Let's Play Chess"]
[Site "SchemingMind.com"]
[Date "2007.03.17"]
[Round "-"]
[White "alejandroales"]
[Black "Archon"]
[Result "1-0"]
[WhiteCountry "ARG"]
[BlackCountry "CAN"]
[WhiteElo "1724"]
[WhiteRD "80"]
[BlackElo "1641"]
[BlackRD "59"]
[GameID "96719"]

1. c4 c5 2. Nf3 g6 3. g3 Bg7 4. Bg2 Nc6 5. O-O d6 6. Nc3 e5 7. d3 Nge7 8. a3 O-O 9. Bd2 Bd7 10. Rb1 a5
11. Qc1 a4 12. Nb5 Qb8 13. b4 Nd4 14. Nfxd4 cxd4 15. e3 dxe3 16. fxe3 Nc6 17. Nc3 Ne7 18. Nd5 Nxd5 19. Bxd5 Bc6 20. Bxc6 bxc6
21. Qd1 Qc7 22. Qf3 Rad8 23. Rfc1 Qd7 24. b5 d5 25. cxd5 cxd5 26. b6 Rb8 27. Rc7 Qd6 28. Ba5 Qxc7 29. bxc7 Rxb1+ 30. Kg2 Rb5
31. Qg4 f5 32. Qxa4 Rc5 33. Bb4 Rxc7 34. Bxf8 Bxf8 35. Qa8 Rd7 36. a4 Kf7 37. a5 Bc5 38. Qc6
1-0

[Event "Let's Play Chess"]
[Site "SchemingMind.com"]
[Date "2007.03.19"]
[Round "-"]
[White "solmash"]
[Black "Archon"]
[Result "0-1"]
[WhiteCountry "PHI"]
[BlackCountry "CAN"]
[WhiteElo "1553"]
[WhiteRD "71"]
[BlackElo "1692"]
[BlackRD "57"]
[GameID "96720"]

1. e4 c5 2. Nc3 g6 3. Nf3 Bg7 4. Bc4 Nc6 5. Ng5 e6 6. O-O Qxg5 7. d4 Qd8 8. Bd2 Nge7 9. d5 Ne5 10. Qe2 Nxc4
11. Qxc4 d6 12. Bg5 O-O 13. f4 Qe8 14. g4 exd5 15. exd5 f5 16. Rae1 Rf7 17. Qe2 Kf8 18. Nb5 fxg4
0-1

[Event "Let's Play Chess"]
[Site "SchemingMind.com"]
[Date "2007.03.16"]
[Round "-"]
[White "NinjaPawn"]
[Black "Archon"]
[Result "1-0"]
[WhiteCountry "ENG"]
[BlackCountry "CAN"]
[WhiteElo "1838"]
[WhiteRD "90"]
[BlackElo "1692"]
[BlackRD "57"]
[GameID "96721"]

1. e4 c5 2. Nf3 g6 3. d4 cxd4 4. Qxd4 Nf6 5. e5 Nc6 6. Qc3 Nd5 7. Qc5 Qa5+ 8. Qxa5 Nxa5 9. Bd2 Nc6 10. Nc3 Nxc3
11. Bxc3 Bg7 12. O-O-O O-O 13. Bc4 Rd8 14. Rhe1 e6 15. Bb5 a6 16. Bxc6 bxc6 17. Bb4 d5 18. exd6 Bd7 19. Ne5 Rab8 20. Ba5 Bxe5
21. Rxe5 Rf8 22. c4 Rb7 23. Bc3 Rfb8 24. Ra5 Ra8 25. a3 Kf8 26. b4 Rbb8 27. g4 h6 28. Bf6 Kg8 29. Rd3 Kh7 30. Rh3 g5
31. Rxg5
1-0

[Event "Let's Play Chess"]
[Site "SchemingMind.com"]
[Date "2007.03.16"]
[Round "-"]
[White "Lee Shuck"]
[Black "Archon"]
[Result "0-1"]
[WhiteCountry "ENG"]
[BlackCountry "CAN"]
[WhiteElo "1498"]
[WhiteRD "64"]
[BlackElo "1706"]
[BlackRD "57"]
[GameID "96722"]

1. e4 c5 2. Nc3 g6 3. f4 Bg7 4. Nf3 Nc6 5. Bc4 e6 6. O-O Nge7 7. Nb5 d5 8. Bb3 c4 9. Ba4 a6 10. Nbd4 b5
11. Nxc6 Nxc6 12. e5 bxa4 13. b3 axb3 14. Ba3 Bf8 15. Qc1 bxc2 16. Bxf8 Kxf8 17. Qxc2 Kg7 18. Rfe1 Rb8 19. Ng5 Qb6+ 20. Kf1 Bd7
21. Rab1 Qc7 22. Rxb8 Rxb8 23. Re3 Nd4 24. Qc3 Nf5 25. Re1 h6 26. Nf3 Qb6 27. d3 cxd3 28. Qxd3 Bb5
0-1

[Event "Let's Play Chess"]
[Site "SchemingMind.com"]
[Date "2007.03.16"]
[Round "-"]
[White "bull mccabe"]
[Black "Archon"]
[Result "0-1"]
[WhiteCountry "IRL"]
[BlackCountry "CAN"]
[WhiteElo "1567"]
[WhiteRD "87"]
[BlackElo "1641"]
[BlackRD "59"]
[GameID "96723"]

1. e4 c5 2. Nc3 g6 3. Nf3 Bg7 4. Bc4 e6 5. d3 Nc6 6. O-O Nge7 7. Bd2 O-O 8. Re1 d6 9. h3 Nd4 10. Nxd4 Bxd4
11. Rb1 Nc6 12. a3 Qf6 13. Be3 Bxe3 14. Rxe3 Nd4 15. Ne2 Nc6 16. Qd2 a6 17. Bb3 b5 18. c3 Bb7 19. Rf3 Qg7 20. Ng3 Rac8
21. d4 cxd4 22. Nh5 Qe5 23. Nf6+ Kg7 24. Nd7 dxc3 25. Qxc3 Qxc3 26. bxc3 Rfd8 27. Nf6 Ne5 28. Rf4 Rxc3 29. Rh4 Kxf6
0-1

[Event "Let's Play Chess"]
[Site "SchemingMind.com"]
[Date "2007.03.16"]
[Round "-"]
[White "Glenn119"]
[Black "Archon"]
[Result "1-0"]
[WhiteCountry "USA"]
[BlackCountry "CAN"]
[WhiteElo "2091"]
[WhiteRD "101"]
[BlackElo "1661"]
[BlackRD "65"]
[GameID "96724"]

1. d3 d5 2. Nf3 c5 3. e4 Bg4 4. exd5 Qxd5 5. Nc3 Qd7 6. Be2 Bxf3 7. Bxf3 Nc6 8. O-O Nf6 9. a4 e5 10. Re1 Bd6
11. Bg5 O-O-O 12. Nd5 Be7 13. Nxf6 Bxf6 14. Bg4 Bxg5 15. Bxd7+ Rxd7 16. Qg4 f6 17. Qc4 Nd4 18. Rad1 Rc7 19. c3 Nc6 20. Qxc5 Nd4
21. Qxa7
1-0

[Event "Let's Play Chess"]
[Site "SchemingMind.com"]
[Date "2007.03.16"]
[Round "-"]
[White "megapixel"]
[Black "Archon"]
[Result "1-0"]
[WhiteCountry "ENG"]
[BlackCountry "CAN"]
[WhiteElo "1877"]
[WhiteRD "93"]
[BlackElo "1667"]
[BlackRD "58"]
[GameID "96725"]

1. e4 c5 2. Nc3 g6 3. f4 Bg7 4. Nf3 Nc6 5. Bb5 Nd4 6. O-O e6 7. d3 Ne7 8. Nxd4 cxd4 9. Ne2 O-O 10. Ba4 d5
11. e5 Nf5 12. Bb3 h5 13. Rf3 a5 14. a4 Bd7 15. Ng3 Nxg3 16. Rxg3 Be8 17. Bd2 Kh7 18. Rh3= Bh6 19. g4 hxg4 20. Qxg4 Rh8
21. f5 exf5 22. Rxh6+ Kg7 23. Qh3 Rxh6 24. Qxh6+ Kg8 25. Bg5
1-0

[Event "Let's Play Chess"]
[Site "SchemingMind.com"]
[Date "2007.03.16"]
[Round "-"]
[White "joab"]
[Black "Archon"]
[Result "0-1"]
[WhiteCountry "CAN"]
[BlackCountry "CAN"]
[WhiteElo "1389"]
[WhiteRD "59"]
[BlackElo "1661"]
[BlackRD "65"]
[GameID "96726"]

1. e4 c5 2. Nf3 g6 3. c3 Bg7 4. d4 cxd4 5. cxd4 d5 6. e5 Bg4 7. Bb5+ Nd7 8. Nc3 e6 9. O-O Ne7 10. h3 Bxf3
11. Qxf3 O-O 12. g4 a6 13. Bd3 b5 14. Kh2 Rc8 15. Bf4 Nc6 16. Qe3 Nb6 17. Ne2 Na5 18. b3 Nc6 19. Bh6 Ne7 20. Bxg7 Kxg7
21. f4 f5 22. g5 Qd7 23. Rac1 Rxc1 24. Rxc1 Rc8
0-1